000 00498cam a2200205 4500
001 D6364
008 090401t1984 xxu||||| |||| 00| 0 eng d
020 _a0246112501
035 _a(Sirsi) u407
041 _aeng
050 _a336.271
_c18
100 _aKing, Philip S. D.
245 _aVAT on construction and development work
260 _aLondon
_bGranada
_c1984
300 _a194p.
_c24cm
350 _a15
690 _aConstruction management
_96230
942 _n0
948 _c04/03/1997
999 _c85552
_d85552